The physics of atoms and quanta : (رقم التسجيلة. 39977)

تفاصيل مارك
000 -الفاتح
حقل البيانات ثابتة الطول 01215pam a2200325 a 4500
001 - رقم الضبط
رقم الضبط 2107211
003 - محدد رقم الضبط
رقم الضبط OSt
005 - وقت وتاريخ اخر تعامل مع التسجيلة
رقم الضبط 20161205131955.0
008 - عناصر البيانات ثابتة الطول - معلومات عامة
حقل البيانات ثابتة الطول 960715s1996 gw a b 001 0 eng
010 ## - رقم ضبط مكتبة الكونجرس
رقم ضبط مكتبة الكونجرس 96029219
020 ## - الرقم الدولى المعيارى للكتب
الرقم الدولى المعيارى للكتاب 3540615555 (Berlin : acidfree paper)
020 ## - الرقم الدولى المعيارى للكتب
الرقم الدولى المعيارى للكتاب 9783540615552
040 ## - مصدر الفهرسة
وكالة الفهرسة الأصلية DLC
وكالة النسخ DLC
وكالة التعديل DLC
041 1# - رمز اللغة
رمز لغة النص/ المسارات الصوتية أو العنوان الانفرادي eng
رمز لغة الترجمات و/او الاصلية المتوسطة للنص ger
050 00 - رقم طلب مكتبة الكونجرس
رقم التصنيف QC173
رقم المادة .H17513 1996
082 00 - رقم تصنيف ديوى العشرى
رقم التصنيف 539
رقم الطبعة 22
رقم المادة HHP
100 1# - المدخل الرئيسى - إسم شخصى
الإسم الشخصى Haken, H.
9 (RLIN) 57218
240 10 - العنوان الموحد
عنوان موحد <a href="Atom- und Quantenphysik.">Atom- und Quantenphysik.</a>
لغة العمل English
245 14 - بيان العنوان
العنوان The physics of atoms and quanta :
بقية العنوان introduction to experiments and theory /
بيان المسئوليه,etc Hermann Haken, Hans Christoph Wolf ; translated by William D. Brewer.
250 ## - بيان الطبعة
بيان الطبعة 5th ed.
260 ## - PUBLICATION, DISTRIBUTION, ETC. (IMPRINT)
مكان الناشر او الموزع Berlin ;
-- New York :
اسم الناشر او الموزع Springer,
تاريخ النشر أو التوزيع c1996.
300 ## - الوصف المادى
التعداد xvi, 475 p. :
تفاصيل ماديه اخرى للوعاء ill. ;
أبعاد الوعاء 25 cm.
504 ## - تبصرة ببليوجرافية
تبصرة ببليوجرافية,الخ Includes bibliographical references (p. [459]-463) and index.
650 #0 - المدخل الاضافى بالموضوع-مصطلح موضوعى
مصطلح موضوعي أو اسم جغرافي كعنصر مدخل Atoms.
9 (RLIN) 8910
650 #0 - المدخل الاضافى بالموضوع-مصطلح موضوعى
مصطلح موضوعي أو اسم جغرافي كعنصر مدخل Quantum theory.
9 (RLIN) 57219
700 1# - المدخل الاضافى - اسم شخصى
الإسم الشخصى Wolf, H. C.
الشكل الأكمل للاسم (Hans Christoph),
التواريخ المصاحبة للاسم 1929-
9 (RLIN) 57220
906 ## - عنصر بيانات محلى F, LDF (RLIN)
a 7
b cbc
c orignew
d 1
e ocip
f 19
g y-gencatlg
942 ## - عناصر المدخل الإضافي( كوها)
مصدر التصنيف او مخطط الترفيف Dewey Decimal Classification
Koha [default] item type كتاب

لا توجد مواد متاحة.